| 000 | 00874nam a2200265 i 4500 | ||
|---|---|---|---|
| 003 | DO-SdBNP | ||
| 005 | 20240314145613.0 | ||
| 007 | ta | ||
| 008 | 240314s2022 dr 000 j spa d | ||
| 020 | _a9789945182453 | ||
| 040 |
_aDO-SdBNP _bspa _cBNPHU _erda |
||
| 082 |
_bJ61 _222 |
||
| 100 |
_aJiménez, Mitri _911765 _d1985- _qMitrídate Jiménez |
||
| 245 | 1 | 3 |
_aMi abuela le puso un mal nombre a su perro / _cMitri Jiménez ; edición Ruth Herrera |
| 264 | 1 |
_aSanto Domingo : _bAmigo del Hogar, _c2022. |
|
| 300 |
_a62 páginas, _c22 cm. |
||
| 336 |
_2rdacontent _atexto _btxt |
||
| 337 |
_2rdamedia _asin mediación _bn |
||
| 338 |
_2rdacarrier _avolumen _bnc |
||
| 500 | _aIncluye datos biografícos de la autora en las páginas 60-62. | ||
| 590 | _aInventariado, 2024/ YL | ||
| 700 | 1 |
_aHerrera, Ruth _eedición _985035 |
|
| 910 | _aYLockward | ||
| 942 |
_2ddc _cLBS1 |
||
| 999 |
_c56112 _d56112 |
||